Countries Ending in "A" But Not "IA" - Statistics

General Stats
  • This quiz has been taken 123 times
    84 since last reset
  • The average score is 24 of 36
Answer Stats
Countries % Correct
Venezuela
86%
Argentina
85%
Canada
85%
China
85%
Andorra
83%
Angola
77%
Antigua
74%
Cuba
74%
Ghana
74%
Jamaica
74%
Guinea
72%
Panama
72%
Nicaragua
69%
South Korea
69%
Guatemala
68%
Libya
68%
North Korea
68%
United States of America
68%
Botswana
66%
Guyana
66%
Samoa
66%
Dominica
65%
South Africa
65%
Grenada
63%
Malta
63%
Tonga
63%
Uganda
62%
Kenya
60%
Rwanda
60%
Costa Rica
58%
Moldova
57%
Equatorial Guinea
55%
Eritrea
54%
Papua New Guinea
52%
Sri Lanka
42%
Bosnia Herzegovina
38%
No matching quizzes found
Score Distribution
Percent of People with Each Score
Percentile by Number Answered
Your Score History
You have not taken this quiz since the last reset